Textbook of soil science (Record no. 180251)
[ view plain ]
| 000 -LEADER | |
|---|---|
| fixed length control field | 00434nam a2200169Ia 4500 |
| 008 - FIXED-LENGTH DATA ELEMENTS--GENERAL INFORMATION | |
| fixed length control field | 210707s1980 xx 000 0 und d |
| 041 ## - LANGUAGE CODE | |
| Language code of text/sound track or separate title | eng |
| 082 ## - DEWEY DECIMAL CLASSIFICATION NUMBER | |
| Classification number | 631.4 DAJT |
| 100 ## - MAIN ENTRY--PERSONAL NAME | |
| Personal name | DAJI (J A) |
| 245 ## - TITLE STATEMENT | |
| Title | Textbook of soil science |
| 260 ## - PUBLICATION, DISTRIBUTION, ETC. | |
| Place of publication, distribution, etc. | Bombay. |
| Name of publisher, distributor, etc. | Media Promoters & Publishers Pvt Ltd., |
| Date of publication, distribution, etc. | 1980 |
| 300 ## - PHYSICAL DESCRIPTION | |
| Extent | xiv,380 p |
| 365 ## - TRADE PRICE | |
| Price amount | 40 |
| Currency code | INR |
| 563 ## - BINDING INFORMATION | |
| Binding note | PB |
| 650 ## - SUBJECT ADDED ENTRY--TOPICAL TERM | |
| Topical term or geographic name entry element | Soil Science |
| 906 ## - LOCAL DATA ELEMENT F, LDF (RLIN) | |
| a | of science soil Textbook |
| Withdrawn status | Lost status | Damaged status | Not for loan | Collection code | Home library | Current library | Date acquired | Cost, normal purchase price | Total Checkouts | Full call number | Barcode | Date last seen | Price effective from | Koha item type |
|---|---|---|---|---|---|---|---|---|---|---|---|---|---|---|
| St Aloysius Library | St Aloysius Library | 05/18/2001 | 40.00 | 631.4 DAJT | BB04239 | 07/08/2021 | 07/08/2021 | Book Bank |